[Event "BEL-chT 1718"]
[Site "Belgium"]
[Date "2018.02.04"]
[Round "6.7"]
[White "Mangelschots, Peter"]
[Black "Stillger, Bernhard"]
[Result "0-1"]
[WhiteElo "2043"]
[BlackElo "2322"]
[PlyCount "52"]
[EventDate "2017.09.24"]
[EventType "team-tourn"]
[EventRounds "11"]
[EventCountry "BEL"]
[SourceTitle "EXT 2019"]
[Source "ChessBase"]
[SourceDate "2018.10.10"]
[SourceVersion "1"]
[SourceVersionDate "2018.10.10"]
[SourceQuality "1"]
[WhiteTeam "TSM Schifflange"]
[BlackTeam "Eynatten"]
[WhiteTeamCountry "BEL"]
[BlackTeamCountry "BEL"]

1. d4 Nf6 2. Nf3 g6 3. Nc3 d5 4. Bf4 Bg7 5. e3 c6 6. Be2 b5 7. Ne5 Nfd7 8. Qd2 f6 9. Nxd7 Nxd7 10. h4 e5 11. dxe5 fxe5 12. Bg5 Bf6 13. Nxd5 Bxg5 14. hxg5 cxd5 15. Qxd5 Rb8 16. Bxb5 Qa5+ 17. c3 Qxb5 18. Qe6+ Kd8 19. Rd1 Rb6 20. Qf7 Kc7 21. b3 Kb8 22. Qg7 Rd8 23. Rxh7 Qc5 24. c4 Rd6 25. g4 Rxd1+ 26. Kxd1 Nf8+ 0-1

[Event "Aegean op 38th"]
[Site "Aghios Kirykos"]
[Date "2015.07.12"]
[Round "2"]
[White "Mangelschots, Peter"]
[Black "Stankovic, Milos"]
[Result "0-1"]
[WhiteElo "2071"]
[BlackElo "2428"]
[PlyCount "107"]
[EventDate "2015.07.11"]
[EventType "swiss"]
[EventRounds "9"]
[EventCountry "GRE"]
[SourceTitle "CBM 167 Extra"]
[Source "ChessBase"]
[SourceDate "2015.09.14"]
[SourceVersion "1"]
[SourceVersionDate "2015.09.14"]
[SourceQuality "1"]

1. d4 e6 2. Nf3 Nf6 3. e3 b6 4. Bd3 c5 5. 0-0 Be7 6. c4 0-0 7. Nc3 d5 8. Ne5 Bb7 9. cxd5 exd5 10. b3 Nc6 11. Nxc6 Bxc6 12. Bb2 Re8 13. Ne2 Rc8 14. Rc1 Bf8 15. Nf4 Ne4 16. Qg4 Bd7 17. Qh5 Bc6 18. Qg4 h6 19. dxc5 bxc5 20. Rfd1 Qg5 21. Qxg5 hxg5 22. Nh5 Bb7 23. Bb5 Red8 24. Ng3 Nd6 25. Be2 Ne8 26. Bg4 Rc6 27. Be2 Nc7 28. h3 Ne6 29. Kf1 Rcc8 30. Bf3 Ba6+ 31. Be2 Rc6 32. Rc2 Bxe2+ 33. Nxe2 Ra6 34. Be5 f6 35. Ba1 Kf7 36. Rcd2 Nc7 37. g4 Ke6 38. Nc3 Bd6 39. Na4 Ra5 40. Nc3 Be5 41. Ke2 Bxc3 42. Bxc3 Ra6 43. b4 Nb5 44. Rc1 c4 45. Bd4 Ra4 46. Bc5 Rh8 47. Rh1 Nc3+ 48. Kf3 a5 49. Kg2 axb4 50. f4 Rxa2 51. Rhd1 Rha8 52. Kf3 Nxd1 53. f5+ Ke5 54. Bb6 0-1

[Event "Terre degli Elimi op 5th"]
[Site "Erice"]
[Date "2014.07.25"]
[Round "9"]
[White "Mangelschots, Peter"]
[Black "Bifulco, Michel"]
[Result "1/2-1/2"]
[WhiteElo "2053"]
[BlackElo "2084"]
[PlyCount "90"]
[EventDate "2014.07.19"]
[EventType "swiss"]
[EventRounds "9"]
[EventCountry "ITA"]
[SourceTitle "CBM 161 Extra"]
[Source "ChessBase"]
[SourceDate "2014.08.29"]
[SourceVersion "1"]
[SourceVersionDate "2014.08.29"]
[SourceQuality "1"]

1. e4 g6 2. d4 Bg7 3. g3 d5 4. e5 Nh6 5. Bg2 0-0 6. Ne2 f6 7. exf6 Rxf6 8. 0-0 c6 9. Bf4 Rf8 10. Re1 Nf7 11. c4 dxc4 12. Na3 Be6 13. Bxb8 Rxb8 14. Nf4 Bd5 15. Bxd5 cxd5 16. Ne6 Qb6 17. Nxf8 Rxf8 18. Nc2 Ng5 19. Rxe7 Nh3+ 20. Kg2 Nxf2 21. Qe2 Ne4 22. Rf1 Rxf1 23. Qxf1 Bf6 24. Rxe4 dxe4 25. Qxc4+ Kg7 26. b3 Qa5 27. d5 Qd2+ 28. Kh3 h5 29. Qxe4 Qf2 30. Ne3 g5 31. g4 hxg4+ 32. Nxg4 Qf1+ 33. Kg3 Qg1+ 34. Qg2 Qe1+ 35. Qf2 Be5+ 36. Kg2 Qe4+ 37. Qf3 Qc2+ 38. Kh3 Qh7+ 39. Kg2 Qc2+ 40. Nf2 Qxa2 41. Qf5 Bf6 42. Qd7+ Kg6 43. Qe8+ Kg7 44. Qd7+ Kg6 45. Qe8+ Kg7 1/2-1/2

[Event "Paleochora op 6th"]
[Site "Paleochora"]
[Date "2013.07.20"]
[Round "3"]
[White "Mangelschots, Peter"]
[Black "Kourkoulos Arditis, Stamatis"]
[Result "0-1"]
[WhiteElo "2095"]
[BlackElo "2185"]
[PlyCount "68"]
[EventDate "2013.07.19"]
[EventType "swiss"]
[EventRounds "9"]
[EventCountry "GRE"]
[SourceTitle "CBM 155 Extra"]
[Source "ChessBase"]
[SourceDate "2013.08.26"]
[SourceVersion "1"]
[SourceVersionDate "2013.08.26"]
[SourceQuality "1"]

1. d4 Nf6 2. Nf3 e6 3. c4 b6 4. e3 Bb7 5. Bd3 d5 6. Nbd2 Bd6 7. b3 0-0 8. 0-0 Nbd7 9. Bb2 Ne4 10. Ne5 Bxe5 11. dxe5 Ndc5 12. Bxe4 dxe4 13. Ba3 Qg5 14. Qc2 Qxe5 15. Bxc5 bxc5 16. Rad1 f5 17. Nb1 f4 18. Qc3 Qg5 19. Rd7 f3 20. g3 Rad8 21. Rfd1 Rxd7 22. Rxd7 e5 23. Qe1 Rc8 24. Qd1 Bc6 25. Rd2 h5 26. h4 Qg4 27. Kh2 Kh7 28. Nc3 g5 29. hxg5 h4 30. Qf1 hxg3+ 31. fxg3 Kg7 32. Qf2 Rh8+ 33. Kg1 Rh3 34. Ne2 Qh5 0-1

[Event "BEL-ch op"]
[Site "Westerlo"]
[Date "2010.07.07"]
[Round "5"]
[White "Mangelschots, Peter"]
[Black "Geirnaert, Steven"]
[Result "0-1"]
[WhiteElo "2049"]
[BlackElo "2362"]
[PlyCount "98"]
[EventDate "2010.07.03"]
[EventType "swiss"]
[EventRounds "9"]
[EventCountry "BEL"]
[SourceTitle "CBM 137 Extra"]
[Source "ChessBase"]
[SourceDate "2010.09.01"]
[SourceVersion "1"]
[SourceVersionDate "2010.09.01"]
[SourceQuality "1"]

1. d4 d5 2. Nc3 Bf5 3. Bg5 h6 4. Bh4 c6 5. e3 Qb6 6. Rb1 Nd7 7. Bd3 Bxd3 8. cxd3 Ngf6 9. Nf3 e6 10. 0-0 Be7 11. b4 0-0 12. Qc2 Rfc8 13. Rb2 Qd8 14. Qb1 Qf8 15. Ne5 Nxe5 16. dxe5 Nd7 17. Bxe7 Qxe7 18. d4 Nb6 19. Qd3 Nc4 20. Rb3 a5 21. bxa5 Nxa5 22. Rbb1 b5 23. Ne2 Nc4 24. Nc1 Ra3 25. Rb3 Rca8 26. f4 f5 27. exf6 Qxf6 28. Rf2 Qf5 29. Qxf5 exf5 30. Re2 R3a7 31. Kf2 g5 32. fxg5 hxg5 33. g4 Rf8 34. gxf5 Rxf5+ 35. Kg2 Re7 36. Rf2 Rff7 37. Rxf7 Kxf7 38. Kf2 Kf6 39. Ne2 Kf5 40. h3 Ra7 41. Nc3 Nd2 42. Rb2 Ne4+ 43. Nxe4 Kxe4 44. Rc2 Ra6 45. Ke2 Ra3 46. Rxc6 Rxa2+ 47. Kf1 Kxe3 48. Rc5 b4 49. Rxd5 b3 0-1

[Event "BEL-ch op"]
[Site "Westerlo"]
[Date "2010.07.03"]
[Round "1"]
[White "Mangelschots, Peter"]
[Black "Bellens, Steven"]
[Result "1-0"]
[WhiteElo "2049"]
[BlackElo "1733"]
[PlyCount "75"]
[EventDate "2010.07.03"]
[EventType "swiss"]
[EventRounds "9"]
[EventCountry "BEL"]
[SourceTitle "CBM 137 Extra"]
[Source "ChessBase"]
[SourceDate "2010.09.01"]
[SourceVersion "1"]
[SourceVersionDate "2010.09.01"]
[SourceQuality "1"]

1. d4 Nf6 2. Nc3 g6 3. e4 d6 4. Bg5 Bg7 5. Qd2 c6 6. f4 b5 7. Bd3 a5 8. Nf3 0-0 9. 0-0 b4 10. Ne2 d5 11. Ng3 dxe4 12. Nxe4 Nxe4 13. Bxe4 f5 14. Bd3 h6 15. Bc4+ Kh7 16. Bh4 Ba6 17. Bxa6 Nxa6 18. Rfe1 Bf6 19. Bxf6 exf6 20. Re6 Qd7 21. Rae1 Rae8 22. Qe2 Rxe6 23. Qxe6 Qd5 24. Qxd5 cxd5 25. Re7+ Kg8 26. Ra7 Nb8 27. Rxa5 Nc6 28. Rxd5 Ra8 29. Rd7 Rxa2 30. d5 Na5 31. Ra7 Rxb2 32. Rxa5 Rxc2 33. Rb5 Rc4 34. g3 g5 35. fxg5 hxg5 36. Rb7 f4 37. gxf4 Rxf4 38. d6 1-0

[Event "Politiken Cup 30th"]
[Site "Helsingor"]
[Date "2008.07.20"]
[Round "3"]
[White "Christensen, Casper"]
[Black "Mangelschots, Peter"]
[Result "0-1"]
[WhiteElo "1795"]
[BlackElo "2069"]
[PlyCount "58"]
[EventDate "2008.07.19"]
[EventType "swiss"]
[EventRounds "10"]
[EventCountry "DEN"]
[SourceTitle "CBM 125 Extra"]
[Source "ChessBase"]
[SourceDate "2008.09.01"]
[SourceVersion "1"]
[SourceVersionDate "2008.09.01"]
[SourceQuality "1"]

1. b3 g6 2. Bb2 Nf6 3. c4 Bg7 4. d4 0-0 5. e3 d5 6. Nd2 c6 7. Ngf3 Ne4 8. Bd3 f5 9. Qc2 Be6 10. c5 Nd7 11. 0-0 Qc7 12. b4 Bf7 13. a4 e5 14. Nb3 Rae8 15. b5 exd4 16. Bxd4 Ne5 17. Nxe5 Bxe5 18. Bxe5 Qxe5 19. Nd4 Qf6 20. Ne2 Qe7 21. Bxe4 dxe4 22. Nd4 Bd5 23. Rab1 f4 24. bxc6 f3 25. cxb7 Qg5 26. g3 Qg4 27. Kh1 Re5 28. b8Q Qh3 29. Rg1 Qxh2+ 0-1

[Event "Bethune op 24th"]
[Site "Bethune"]
[Date "2003.12.30"]
[Round "7"]
[White "Voicu Jagodzinsky, Carmen"]
[Black "Mangelschots, Peter"]
[Result "0-1"]
[WhiteElo "2228"]
[BlackElo "2128"]
[PlyCount "44"]
[EventDate "2003.12.26"]
[EventType "swiss"]
[EventRounds "9"]
[EventCountry "FRA"]
[SourceTitle "CBM 098 Extra"]
[Source "ChessBase"]
[SourceDate "2004.03.10"]
[SourceVersion "2"]
[SourceVersionDate "2004.03.10"]
[SourceQuality "1"]

1. e4 e6 2. d4 d5 3. Nd2 Nf6 4. e5 Nfd7 5. f4 c5 6. c3 Nc6 7. Ndf3 Qb6 8. h4 cxd4 9. cxd4 Bb4+ 10. Kf2 Be7 11. h5 f6 12. Kg3 0-0 13. Ne2 fxe5 14. fxe5 Ndxe5 15. Nxe5 Nxe5 16. Nf4 Ng4 17. Kxg4 e5+ 18. Kg3 exf4+ 19. Bxf4 Rxf4 20. Kh2 Rh4+ 21. Kg3 Rxh1 22. Qa4 Be6 0-1

[Event "Bethune op 24th"]
[Site "Bethune"]
[Date "2003.12.27"]
[Round "3"]
[White "Jouglet, Fabian"]
[Black "Mangelschots, Peter"]
[Result "1/2-1/2"]
[WhiteElo "2011"]
[BlackElo "2128"]
[PlyCount "92"]
[EventDate "2003.12.26"]
[EventType "swiss"]
[EventRounds "9"]
[EventCountry "FRA"]
[SourceTitle "CBM 098 Extra"]
[Source "ChessBase"]
[SourceDate "2004.03.10"]
[SourceVersion "2"]
[SourceVersionDate "2004.03.10"]
[SourceQuality "1"]

1. e4 e6 2. d4 d5 3. Nc3 Nf6 4. Bg5 dxe4 5. Nxe4 Be7 6. Nxf6+ Bxf6 7. Bxf6 Qxf6 8. Nf3 0-0 9. Bd3 c5 10. c3 cxd4 11. Nxd4 e5 12. Nb5 Nc6 13. 0-0 Rd8 14. Qc2 g6 15. Rad1 Be6 16. Nc7 Rac8 17. Nxe6 Qxe6 18. a3 Kg7 19. Rfe1 f5 20. f3 a6 21. Qe2 Qe7 22. Kh1 Rd6 23. Bc2 Rcd8 24. Rxd6 Rxd6 25. Rd1 Kf6 26. Rxd6+ Qxd6 27. Qe3 Kg7 28. Kg1 Nd8 29. Qd3 Nf7 30. Qxd6 Nxd6 31. Bb3 Kf6 32. c4 b6 33. Ba2 e4 34. b4 Ke5 35. c5 bxc5 36. bxc5 Nb5 37. Bc4 exf3 38. gxf3 Nxa3 39. Bxa6 Kd5 40. Kg2 Kxc5 41. Kg3 Kd4 42. Kf4 Nc2 43. h4 Ne3 44. Kg5 Ke5 45. h5 gxh5 46. f4+ Ke6 1/2-1/2

[Event "Leuven op"]
[Site "Leuven"]
[Date "1994.??.??"]
[Round "7"]
[White "Mangelschots, Peter"]
[Black "Verduyckt, Johan"]
[Result "1-0"]
[WhiteElo "2025"]
[BlackElo "1800"]
[PlyCount "37"]
[EventDate "1994.11.??"]
[EventType "swiss"]
[EventRounds "7"]
[EventCountry "BEL"]
[SourceTitle "EXT 2006"]
[Source "ChessBase"]
[SourceDate "2005.11.24"]
[SourceVersion "1"]
[SourceVersionDate "2005.11.24"]
[SourceQuality "1"]

1. e4 e6 2. d4 d5 3. Nc3 Bb4 4. e5 c5 5. a3 cxd4 6. axb4 dxc3 7. Nf3 cxb2 8. Bxb2 Qb6 9. b5 Nd7 10. Be2 Ne7 11. 0-0 Ng6 12. Qc1 Qc7 13. Re1 b6 14. Qe3 0-0 15. h4 f6 16. exf6 Nxf6 17. Ng5 e5 18. h5 d4 19. Qb3+ 1-0